Terytoria zależne Stanów Zjednoczonych - Statystyki

Ogólne statystyki
  • Ten quiz został rozwiązany 34 razy
  • Średni wynik to 6 z 14
Statystyki odpowiedzi
Nazwy Terytorii Jednostka % Poprawnych
Terytoria Nieinkorpowane Zorganizowane Guam
95%
Terytoria Nieinkorpowane stowarzyszone Portoryko
95%
Nieinkorporowane terytorium niezorganizowane Samoa Amerykańskie
74%
Terytoria Nieinkorpowane stowarzyszone Mariany Północne
58%
Terytoria Nieinkorpowane Zorganizowane Wyspy Dziewicze Stanów Zjednoczonych
53%
Nieinkorporowane terytorium niezorganizowane Midway
47%
Nieinkorporowane terytorium niezorganizowane Johnston
32%
Nieinkorporowane terytorium niezorganizowane Jarvis
26%
Nieinkorporowane terytorium niezorganizowane Wake
26%
Nieinkorporowane terytorium niezorganizowane Kingman
21%
Nieinkorporowane terytorium niezorganizowane Navassa
21%
Nieinkorporowane terytorium niezorganizowane Baker
16%
Nieinkorporowane terytorium niezorganizowane Howland
16%
Inkorporowane terytorium niezorganizowane Palmyra
16%
Nie znaleziono quizów pasujących do podanych kryteriów
Rozkład punktacji
Procent ludzi z każdym wynikiem
Percentyl według liczby udzielonych odpowiedzi
Twoja historia wyników
Nie rozwiązałeś tego quizu